00684nam a2200169 a 45000010005000000030009000050080041000140400028000550820016000831000018000992450088001172600035002053000015002405050230002556500010004856500019004951420CO-ViMGA141112s2004 ck r 000 u spa d aCO-ViMGAbspacCO-ViMGA a618.4 D873p1 aDurer, Gudrun10aPreparación al parto : bgimnasia, relajación / cDurer Gudrun , Zeib Gabriele  aBarcelona : bPaidotribo, cSN a192 p : il aLa preparación del cuerpo 17 - - Gimnasia para la espalda, el abdomen y el suelo de la pelvis 26 - - Respiración, relajación y meditación 57 - - El puerperio y la involución 135 - - Las madres piden la palabra 157 14aPARTO14aZeib, Gabriele